| 000 | 00838nam a2200253Ia 4500 | ||
|---|---|---|---|
| 003 | OSt | ||
| 005 | 20220928102053.0 | ||
| 006 | a|||||r|||| 00| 0 | ||
| 007 | ta | ||
| 008 | 220927b |||||||| |||| 00| 0 eng d | ||
| 020 | _c345 | ||
| 024 | _a118142 | ||
| 037 |
_b133, 06/11/2012, Pioneer Book Distributors _cReference Collections |
||
| 040 |
_aSDCL _cSDCL _beng |
||
| 041 |
_2eng _aeng |
||
| 082 | _an2,N, Q2 RR | ||
| 100 |
_aResearch,Reference and Training Division. _9393415 |
||
| 245 | 0 | _aINDIA 2012 | |
| 260 |
_aNew Delhi _bPublications Division. _c2012 |
||
| 300 |
_a1401+various pagination _ccm. |
||
| 650 | _aReference | ||
| 942 |
_hn2,N, Q2 RR _cREF _2CC |
||
| 999 |
_c712103 _d712103 |
||